000
00338 a2200169 4500
001
182783
020
_a
040
_c
Magnum
100
_a
Coelho, Paulo
240
1
0
_a
O dom supremo
_l
por
245
1
0
_a
O dom supremo
300
_a
78
362
0
_a
1991
440
1
_a
Rocco
697
_a
LITERATURA GERAL ESTRANGEIRA
942
_c
BK
999
_c
182783
_d
182783